Vicente Huidobro: biografía emotiva

Guardat en:
Dades bibliogràfiques
Autor principal: Szmulewicz, Efraín (Autor)
Format: Llibre
Idioma:espanyol
Publicat: Santiago Universitaria 1978
Matèries:
Etiquetes: Afegir etiqueta
Sense etiquetes, Sigues el primer a etiquetar aquest registre!

MARC

LEADER 00000nam a2200000 a 4500
001 UCQ6325
003 CL-VaPUC
005 20230531074346.0
008 981009e19780000CL |||||||||||||||||spa|d
999 |c 276323  |d 276321 
040 |c Pontificia Universidad Católica de Valparaíso 
082 0 4 |a Ch861.09  |b SZM  |2 21 
100 0 |a Szmulewicz, Efraín  |e author  |9 420199 
245 1 0 |a Vicente Huidobro: biografía emotiva 
260 |a Santiago  |b Universitaria  |c 1978 
300 |a 192 p 
583 |a last modification  |c 19981009 00:00:00  |k Rodrigo Vera 
600 0 |a García-Huidobro Fernández, Vicente,  |d 1893-1948  |9 858153 
650 0 |a Biografías  |9 255210 
650 0 |a Poesía chilena   |9 268403 
650 0 |a Literatura chilena   |9 308278 
650 0 |a Crítica e interpretación   |9 255042 
852 |a BIBCUR 
942 |c BK  |2 ddc 
945 |d 19981009 00:00:00  |a crobeson 
952 |0 0  |1 0  |4 0  |6 CH_861_090000000000000_SZM_1978  |7 0  |8 A  |9 313505  |a BIBEDU  |b BIBEDU  |d 2019-11-20  |i 1481223  |l 1  |o Ch861.09 SZM 1978  |p 1481223  |r 2023-12-01  |s 2023-11-25  |w 2019-11-20  |y BK  |k LIT